Gaming Quiz

Random Gaming Quiz

Killstreak Rewards Modern Warfare 2 Quiz Stats

 Plays Quiz not verified by Sporcle

Challenge
Share
Tweet
Embed
Score 0/15 Timer 03:00
0 Plays Today
% Correct
UAV
100%
Care Package
75.7%
Counter UAV
71.6%
Sentry Gun
54.1%
Predator Missile
48.6%
EMP
47.3%
Tactical Nuke
47.3%
Chopper Gunner
41.9%
% Correct
Precision Airstrike
40.5%
AC130
40.5%
Pavelow
39.2%
Stealth Bomber
36.5%
Harrier Strike
35.1%
Attack Helicopter
35.1%
Emergency Airdrop
35.1%

You're not logged in!

Compare scores with friends on all Sporcle quizzes.
Join for Free
OR
Log In

You Might Also Like...

Show Comments

Extras

Top Quizzes Today


Score Distribution

Your Account Isn't Verified!

In order to create a playlist on Sporcle, you need to verify the email address you used during registration. Go to your Sporcle Settings to finish the process.

Report this User

Report this user for behavior that violates our Community Guidelines.

Details: